Metals Handbook : Volume 6 : Welding, Brazing, and Soldering

Enregistré dans:
Détails bibliographiques
Format: Livre
Langue:anglais
Publié: Metals Park ASM [1993]
Édition:9th ed.
Tags: Ajouter un tag
Pas de tags, Soyez le premier à ajouter un tag!

MARC

LEADER 00000nam a22000003a 4500
001 0006006
003 SK-STU
005 20150707103642.4
007 ta
008 150626s ----xo-----e------000-0-----d
020 |a 0-87170-378-5 
040 |a STU  |b slo 
041 0 |a eng 
044 |a xxu 
080 |a 620 
245 1 0 |a Metals Handbook :  |b Volume 6 : Welding, Brazing, and Soldering 
250 |a 9th ed. 
260 |a Metals Park  |b ASM  |c [1993] 
300 |a 1152 p. 
996 |b 284M086478  |c M* 13796/6-1  |l MMKN  |s A  |a 24  |w 0006006_0001